00912 a2200157 45000010006000000050017000060080041000230030015000640400040000790800057001192450173001762640033003493000019003825050329004011000024007302742120260407155549.0260407a1973 arg spa dAR-UNSa-BCEJYS aAR-UNSa-BCEJYSbspacAR-UNSa-BCEJYS a658.5xPlanificación y control de la producción 10aTécnicas modernas para el planeamiento y control de producciónpExplicación, análisis y desarrollo ejemplificado de técnicas para llevar a cabo esta función 1aBuenos Aires :bAstreac1973 a617 p.c22 cm. a1. Organización : Análisis y pronóstico - 2. Planeamiento de productos y de materiales - 3. Control de los stocks - 4. Tiempos y muestreos - 5. Programación - 6. Lanzamiento y control - 7. Programación por camino crítico y empleo de otras técnicas - 8. Introducción a la contabilidad industrial - Apéndice.1 aMunier, Nolberto J.